00793cam a2200205 i 4500001000500000005001700005020001800022040002800040050001400068082001400082100004000096245004100136300005700177505000800234520025500242521002400497521002000521650002500541650002100566159420230908143634.0 a9780545686594 aDLCbengcDLCerdadDLC00aPZ7.B235700a813.62231 aBarclay, Ericeauthor,eillustrator10aI can see just fine /cEric Barclay. a29 unnumbered pages :bcolor illustrations ;c23 cm  aM  a"Though Paige claims, 'I can see just fine,' her parents grow concerned and decide it's time for Paige to visit the eye doctor. Paige remains defiant until she finds the perfect frames and more importantly, perfect eyesight"--cProvided by publisher. a530 bLexile AD  aM bRaz-Plus  1aEyeglassesvFiction. 1aVisionvFiction.